The Psychology of Money (Record no. 12558)

MARC details
000 -LEADER
fixed length control field 00268nam a22000977a 4500
008 - FIXED-LENGTH DATA ELEMENTS--GENERAL INFORMATION
fixed length control field 240404b |||||||| |||| 00| 0 eng d
020 ## - INTERNATIONAL STANDARD BOOK NUMBER
International Standard Book Number 9789390166268
100 ## - MAIN ENTRY--PERSONAL NAME
Personal name Housel Morgan
9 (RLIN) 7760
245 ## - TITLE STATEMENT
Title The Psychology of Money
260 ## - PUBLICATION, DISTRIBUTION, ETC. (IMPRINT)
Place of publication, distribution, etc. Mumbai
Name of publisher, distributor, etc. Jaico Publishing House
Date of publication, distribution, etc. 2021
Holdings
Withdrawn status Lost status Source of classification or shelving scheme Damaged status Koha normalized classification for sorting Not for loan Home library Current library Shelving location Date acquired Total Checkouts Total Renewals Full call number Barcode Date last seen Date last checked out Price effective from Koha item type
    Dewey Decimal Classification   HOU_150_000000000000000   Good Samaritan School Library Good Samaritan School Library PSYCHOLOGY 04/04/2024 6 4 HOU150 HOU17827 11/08/2024 10/08/2024 04/04/2024 BOOK

Powered by Koha